00365nam a22000977a 4500082001800000245010100018300001200119942001200131999001900143952010500162 a923.2549bQUA aQuaid-i-Azam Mohammad Ali Jinnah (Album) /Prepared by Cabinet Division cServices Book Club 1997 a175p. ; 2ddccBK c594615d594615 00102ddc4070aSMMEbSMMEcFICd2023-05-02l0o923.2549 QUApSMME-3836r2023-05-02w2023-05-02yBK